00560nam a2200193Ia 4500003000900000005001700009008004100026040001200067080001500079100002700094245005100121260000900172300001000181650002800191650002900219942001200248999001500260952009100275IN-BaIIA20221116111155.0211028s9999 xx 000 0 eng d cIIA LIB a524.3bCAM aCameron, A. G. W98281 0aGalactic and stellar physicscA. G. W. Cameron c1965 a612p. a Stellar physics98282 aGalactic physics 98283 cBK2ddc c4678d4678 00104070aBANbBANcGENd1975-02-12l0o524.3/ CAMp5224r2021-11-05w1975-02-12yBK